South East Asia (Record no. 187077)
[ view plain ]
| 000 -LEADER | |
|---|---|
| fixed length control field | 01077 a2200169 4500 |
| 003 - CONTROL NUMBER IDENTIFIER | |
| control field | Nust |
| 005 - DATE AND TIME OF LATEST TRANSACTION | |
| control field | 20170207153455.0 |
| 040 ## - CATALOGING SOURCE | |
| Transcribing agency | Nust |
| 082 ## - DEWEY DECIMAL CLASSIFICATION NUMBER | |
| Classification number | 915.9 |
| 100 ## - MAIN ENTRY--PERSONAL NAME | |
| Personal name | Harrison, Brian |
| 245 ## - TITLE STATEMENT | |
| Title | South East Asia |
| Statement of responsibility, etc. | Brian Harrison |
| 260 ## - PUBLICATION, DISTRIBUTION, ETC. | |
| Place of publication, distribution, etc. | London |
| Name of publisher, distributor, etc. | Macmillan & co |
| 300 ## - PHYSICAL DESCRIPTION | |
| Extent | 268:p |
| 505 ## - FORMATTED CONTENTS NOTE | |
| Formatted contents note | The Human Texture of South-east Asia (page-1) Early Chinese and Indian Influences (page-9) Early Indianized States (Page-21) Indianized State of the Indo-Chinese peninsula (Page-32) Indianized State of Sumatra and Java (Page-41) The Coming of Islam (page-50) The Coming of the West (Page-61) The Portuguese Century (page-72) Dutch and English beginnings (page-87) European Company trade in the (Page-106) Commerce and Conflict in the (Page-126) The Shaping of a New Balance of power (page-151) The Advance of British and – (page-171) The Beginnings of The New Colonialism (Page-190) Capital and Development (page-206) Population (page-219) The Growth of Nationalism (page-236) The Aftermath of war (Page-253) |
| 538 ## - SYSTEM DETAILS NOTE | |
| System details note | Almirah No.60 Shelf No.2 |
| 650 ## - SUBJECT ADDED ENTRY--TOPICAL TERM | |
| Topical term or geographic name entry element | South Asia |
| 942 ## - ADDED ENTRY ELEMENTS (KOHA) | |
| Source of classification or shelving scheme | |
| Koha item type | Book |
| Withdrawn status | Lost status | Source of classification or shelving scheme | Damaged status | Not for loan | Collection code | Permanent Location | Current Location | Date acquired | Total Checkouts | Full call number | Barcode | Date last seen | Price effective from | Koha item type |
|---|---|---|---|---|---|---|---|---|---|---|---|---|---|---|
| Military College of Signals (MCS) | Military College of Signals (MCS) | 12/12/2016 | 915.9 HAR | MCS29475 | 12/08/2016 | 12/12/2016 | Book |
